Devine la télé réalité - Statistiques

Statistiques générales
  • Ce quiz a été pris 383 fois
  • Le résultat moyen est 8 sur 12
Statistiques - réponses
Par images Réponse % Correct
les marseillais
96%
les anges
90%
les ch'tis
79%
les cinquantes
79%
l'ile de la tentation
76%
les apprentis aventuriers
75%
the power
70%
les princes de l'amour
68%
la bataille des couples
56%
frenchie shore
55%
love island
42%
la villa des coeurs brisées
30%
Aucun quiz correspondant
Distribution des résultats
% des personnes avec chaque résultat
Percentile par nombre de réponses
Votre historique - résultats
Vous n’avez pas pris ce quiz